[Event "Kathmandu op"]
[Site "Kathmandu"]
[Date "2018.04.14"]
[Round "3"]
[White "Anirban, Basu"]
[Black "Srijit, Paul1111"]
[Result "1/2-1/2"]
[WhiteElo "1647"]
[BlackElo "2351"]
[PlyCount "75"]
[EventDate "2018.04.13"]
[EventType "swiss"]
[EventRounds "9"]
[EventCountry "NEP"]
[SourceTitle "CBM 183 Extra"]
[Source "ChessBase"]
[SourceDate "2018.04.19"]
[SourceVersion "1"]
[SourceVersionDate "2018.04.19"]
[SourceQuality "1"]

1. d4 f5 2. g3 Nf6 3. Bg2 g6 4. c4 Bg7 5. Nc3 0-0 6. Nf3 d6 7. Qc2 Nc6 8. d5 Ne5 9. b3 a6 10. Bb2 Qe8 11. Nd4 Bd7 12. h3 c5 13. Ne6 Bxe6 14. dxe6 Qc8 15. Nd5 Nxd5 16. cxd5 f4 17. 0-0 f3 18. Bh1 b5 19. Rac1 fxe2 20. Qxe2 Nf3+ 21. Bxf3 Bxb2 22. Rc2 Bd4 23. Kg2 Rf6 24. Be4 Qf8 25. f4 b4 26. Bd3 a5 27. Bb5 Qg7 28. Rcc1 Raf8 29. Qe4 g5 30. fxg5 Qxg5 31. Rxf6 Rxf6 32. Rf1 Be5 33. Qg4 Qxg4 34. hxg4 Kg7 35. Bd3 h6 36. g5 hxg5 37. Rh1 Rh6 38. Rxh6 1/2-1/2